000 01277dam2a22002651 4500
001 v19\rc\1225950
005 20250618022854.0
035 _a(NLR Aleph) 004450882
090 _a4472591
_c4472591
100 _a20060306d1879 |||y0rusy50 ca
101 0 _arus
102 _aRU
105 _ay z |||||
200 1 _aТворения святого священномученика Киприяна епископа Карфагенского
_eЧ. 1
210 _d1879
_aБ. м.
215 _a465 с. разд. паг.
461 0 _1001v19\rc\1225949
_12001#$aБиблиотека творений св. отцев и учителей церкви западных, издаваемая при Киевской духовной академии$eКн. 1-$vКн. 1$90
_94472587
_cКиев
_d1879-
_oКн. 1-
_tБиблиотека творений св. отцев и учителей церкви западных, издаваемая при Киевской духовной академии
_vКн. 1$90
701 0 _9z01790
_aКиприан
_cеп. Карфагенский
_f-258
790 0 _9z01701
_aКиприян
_f-258
801 0 _aRU
_bNLR
_gpsbo
801 1 _aRU
_bProSoft-M
_2rusmarc
852 _aNLR
_j18.252.2.1
942 _cBOOK
980 _aNB